000 00925nam a2200265Ia 4500
003 OSt
005 20221005104710.0
006 a|||||r|||| 00| 0
007 ta
008 221004b |||||||| |||| 00| 0 hin d
020 _a9788188939466 (hbk)
_c450
024 _a121097
037 _b13330, 17/07/2012, Kitab Ghar
_cTextual
040 _aCRL
_cCRL
_bhin
041 _2hin
_ahin
082 _aO152,3M912,MA, Q1
100 _aशर्मा, विशम्भरनाथ, ‘कौशिक’
245 0 _aमॉं
246 _aMaॉan
260 _aदिल्ली
_bविमल बुक्स भारत
_c2011
300 _a328पृ0
_ccm.
650 _aहिन्दी साहित्य
942 _hO152,3M912,MA, Q1
_cTEXL
_2cc
999 _c1013536
_d1013536